[Event "Loire-ch Top20 1314"]
[Site "Loire"]
[Date "2013.12.07"]
[Round "4"]
[White "Bastien, Daniel"]
[Black "Pareux, Marc"]
[Result "0-1"]
[WhiteElo "1670"]
[BlackElo "1640"]
[PlyCount "60"]
[EventDate "2014.09.21"]
[EventType "swiss"]
[EventRounds "9"]
[EventCountry "FRA"]
[SourceTitle "EXT 2015"]
[Source "ChessBase"]
[SourceDate "2014.11.20"]
[SourceVersion "1"]
[SourceVersionDate "2014.11.20"]
[SourceQuality "1"]

1. c4 g6 2. Nc3 Bg7 3. g3 e5 4. Bg2 Nc6 5. d3 d6 6. Nf3 Nf6 7. 0-0 0-0 8. Rb1 Ne7 9. Nd2 c6 10. Nde4 Nh5 11. a3 f5 12. Nd2 Kh8 13. Na2 Ng8 14. e4 f4 15. g4 Nhf6 16. f3 Ne8 17. Qe2 Bf6 18. b4 Bh4 19. Nb3 Qg5 20. Bd2 Ngf6 21. h3 h5 22. Be1 hxg4 23. Bxh4 Qxh4 24. fxg4 Kg7 25. Qf2 Qh6 26. Nd2 Rh8 27. Qf3 Qh4 28. Qf2 Qh6 29. Qf3 Nxg4 30. hxg4 Nf6 0-1

[Event "Loire-ch Top20 1314"]
[Site "Loire"]
[Date "2013.10.05"]
[Round "2"]
[White "Pareux, Marc"]
[Black "Doran, Niall"]
[Result "1/2-1/2"]
[WhiteElo "1640"]
[BlackElo "1702"]
[PlyCount "39"]
[EventDate "2014.09.21"]
[EventType "swiss"]
[EventRounds "9"]
[EventCountry "FRA"]
[SourceTitle "EXT 2015"]
[Source "ChessBase"]
[SourceDate "2014.11.20"]
[SourceVersion "1"]
[SourceVersionDate "2014.11.20"]
[SourceQuality "1"]

1. d4 Nf6 2. c4 g6 3. Nc3 Bg7 4. e4 d6 5. f3 0-0 6. Be3 e5 7. d5 Nh5 8. g4 Nf4 9. h4 f5 10. gxf5 gxf5 11. Qd2 fxe4 12. Nxe4 Bf5 13. 0-0-0 Na6 14. Ng3 Qe8 15. Nxf5 Rxf5 16. Bd3 Nxd3+ 17. Qxd3 Qd7 18. h5 Nb4 19. Qb3 a5 20. Rh2 1/2-1/2

[Event "Loire-ch Top20 1112"]
[Site "Loire"]
[Date "2012.01.07"]
[Round "4.6"]
[White "Pareux, Marc"]
[Black "Cursoux, Gerard"]
[Result "1/2-1/2"]
[WhiteElo "1750"]
[BlackElo "1920"]
[PlyCount "89"]
[EventDate "2011.10.08"]
[EventType "tourn"]
[EventRounds "7"]
[EventCountry "FRA"]
[SourceTitle "EXT 2014"]
[Source "ChessBase"]
[SourceDate "2013.11.20"]
[SourceVersion "1"]
[SourceVersionDate "2013.11.20"]
[SourceQuality "1"]

1. d4 c5 2. d5 Nf6 3. c4 b5 4. Nc3 b4 5. Nb1 d6 6. Nd2 Bf5 7. f3 e5 8. e4 Bg6 9. Bd3 Be7 10. Ne2 Nfd7 11. Nf1 0-0 12. g4 Bh4+ 13. Neg3 Nb6 14. Ne3 Na6 15. b3 Nc7 16. 0-0 a5 17. Ngf5 a4 18. Bb2 Bg5 19. Qe1 Qd7 20. h4 Bxf5 21. hxg5 Bg6 22. Nf5 axb3 23. axb3 Rxa1 24. Bxa1 Ra8 25. f4 f6 26. gxf6 Bxf5 27. gxf5 gxf6 28. Rf2 Kh8 29. Rg2 Qf7 30. fxe5 fxe5 31. Bb2 Nd7 32. Qh4 Ne8 33. Be2 Nef6 34. Kh2 Rg8 35. Bc1 Rxg2+ 36. Kxg2 Qg7+ 37. Kf2 Qf7 38. Bh6 Kg8 39. Ke3 Kh8 40. Bf3 Qg8 41. Bg5 Qf7 42. Bh6 Qg8 43. Bg5 Qg7 44. Kd3 Kg8 45. Be3 1/2-1/2

[Event "Loire-ch Top20 1011"]
[Site "Loire"]
[Date "2011.02.12"]
[Round "5"]
[White "Bruel, Bruno"]
[Black "Pareux, Marc"]
[Result "1/2-1/2"]
[WhiteElo "1750"]
[BlackElo "1640"]
[PlyCount "40"]
[EventDate "2010.10.09"]
[EventType "swiss"]
[EventRounds "7"]
[EventCountry "FRA"]
[SourceTitle "EXT 2012"]
[Source "ChessBase"]
[SourceDate "2011.11.24"]
[SourceVersion "1"]
[SourceVersionDate "2011.11.24"]
[SourceQuality "1"]

1. d4 g6 2. c4 Bg7 3. Nc3 d6 4. e4 Nc6 5. Be3 e5 6. Nge2 f5 7. d5 Nce7 8. f4 Nf6 9. fxe5 dxe5 10. exf5 Nxf5 11. Bg5 h6 12. Bxf6 Qxf6 13. Ne4 Qh4+ 14. N2g3 Nxg3 15. Nxg3 Bf5 16. Be2 0-0-0 17. 0-0 Rhf8 18. b4 e4 19. Rc1 Be5 20. Qb3 e3 1/2-1/2

[Event "Loire-ch Top20 0809"]
[Site "Loire"]
[Date "2009.04.25"]
[Round "7"]
[White "Pareux, Marc"]
[Black "Deville, Olivier"]
[Result "0-1"]
[WhiteElo "1640"]
[BlackElo "2012"]
[PlyCount "42"]
[EventDate "2008.10.11"]
[EventType "swiss"]
[EventRounds "7"]
[EventCountry "FRA"]
[SourceTitle "EXT 2010"]
[Source "ChessBase"]
[SourceDate "2010.11.25"]
[SourceVersion "1"]
[SourceVersionDate "2010.11.25"]
[SourceQuality "1"]

1. g3 d5 2. d4 Nf6 3. Bg2 c6 4. Nf3 Bf5 5. Nbd2 e6 6. 0-0 Nbd7 7. Re1 Bd6 8. c4 h6 9. Nh4 Bh7 10. e4 dxe4 11. Nxe4 Nxe4 12. Bxe4 Bxe4 13. Rxe4 Nf6 14. Re1 0-0 15. Nf3 c5 16. Be3 Qb6 17. Qe2 Ng4 18. b3 Nxe3 19. fxe3 a5 20. Rab1 Qc6 21. Qd3 Qxf3 0-1

[Event "Loire-ch Top14 0708"]
[Site "Loire"]
[Date "2008.01.12"]
[Round "4"]
[White "Pareux, Marc"]
[Black "Muller, Anthony"]
[Result "1-0"]
[WhiteElo "1660"]
[BlackElo "1790"]
[PlyCount "47"]
[EventDate "2007.10.20"]
[EventType "swiss"]
[EventRounds "7"]
[EventCountry "FRA"]
[SourceTitle "EXT 2010"]
[Source "ChessBase"]
[SourceDate "2010.11.25"]
[SourceVersion "1"]
[SourceVersionDate "2010.11.25"]
[SourceQuality "1"]

1. d4 d5 2. e4 dxe4 3. Nc3 Nf6 4. f3 exf3 5. Nxf3 Bg4 6. h3 Bxf3 7. Qxf3 Nc6 8. Bb5 e6 9. Bg5 Be7 10. 0-0-0 Nd5 11. Bxe7 Kxe7 12. Rhe1 Nxc3 13. Qxc3 Qd5 14. Bc4 Qa5 15. Qg3 Kf8 16. Re3 Ne7 17. Rf1 Nf5 18. Qf2 Kg8 19. g4 Nd6 20. Rxe6 h5 21. Re5 Qxe5 22. dxe5 Ne8 23. Qxf7+ Kh7 24. Qxh5# 1-0

[Event "Loire-ch op 0506"]
[Site "Loire"]
[Date "2005.11.27"]
[Round "2"]
[White "Pareux, Marc"]
[Black "Doran, Niall"]
[Result "0-1"]
[WhiteElo "1570"]
[BlackElo "1760"]
[PlyCount "58"]
[EventDate "2005.11.27"]
[EventType "swiss"]
[EventRounds "6"]
[EventCountry "FRA"]
[SourceTitle "EXT 2008"]
[Source "ChessBase"]
[SourceDate "2007.11.25"]
[SourceVersion "1"]
[SourceVersionDate "2007.11.25"]
[SourceQuality "1"]

1. d4 Nf6 2. f3 g6 3. e4 d6 4. Be3 Bg7 5. Qd2 0-0 6. h4 e5 7. d5 Nh5 8. Ne2 Nf4 9. Nxf4 exf4 10. Bd4 Be5 11. Nc3 f5 12. Bxe5 dxe5 13. 0-0-0 fxe4 14. Nxe4 Bf5 15. Bc4 Kh8 16. Ng5 Qd6 17. Qc3 Nd7 18. Ne6 Rfe8 19. Nxf4 Nc5 20. g4 Bxg4 21. fxg4 Ne4 22. Nxg6+ Qxg6 23. Qe3 Qxg4 24. Rdg1 Qf4 25. Qxf4 exf4 26. Bd3 Ng3 27. Rh2 Re5 28. Rf2 Rg8 29. Bc4 Ne2+ 0-1

[Event "Loire-ch op"]
[Site "Loire"]
[Date "2004.05.15"]
[Round "8"]
[White "Pareux, Marc"]
[Black "Gidon, Rene"]
[Result "1/2-1/2"]
[WhiteElo "1540"]
[BlackElo "1530"]
[PlyCount "78"]
[EventDate "2004.01.10"]
[EventType "swiss"]
[EventRounds "9"]
[EventCountry "FRA"]
[SourceTitle "EXT 2008"]
[Source "ChessBase"]
[SourceDate "2007.11.25"]
[SourceVersion "1"]
[SourceVersionDate "2007.11.25"]
[SourceQuality "1"]

1. d4 Nf6 2. f3 e6 3. e4 d6 4. Be3 Be7 5. Bd3 e5 6. Ne2 0-0 7. c3 c6 8. 0-0 Qc7 9. Nd2 Be6 10. c4 d5 11. cxd5 cxd5 12. Rc1 Nc6 13. a3 Qb6 14. b4 Nxd4 15. Nxd4 exd4 16. Bf2 Bd6 17. Nb3 dxe4 18. Bxe4 Bxb3 19. Qxb3 Bf4 20. Rc5 Nd7 21. Rd5 Be3 22. Rxd7 Bxf2+ 23. Rxf2 Rac8 24. Rxb7 Rc1+ 25. Rf1 Rxf1+ 26. Kxf1 Qa6+ 27. Kf2 h5 28. Bd5 d3 29. Rxf7 Qb6+ 30. Kf1 Rxf7 31. Qxd3 Qf6 32. Bxf7+ Kxf7 33. Qd7+ Kg6 34. Qd3+ Kf7 35. Qd7+ Kg6 36. Qe8+ Kh6 37. Qe3+ g5 38. a4 Qa1+ 39. Kf2 Qb2+ 1/2-1/2

[Event "Loire-ch op"]
[Site "Loire"]
[Date "2004.03.20"]
[Round "5"]
[White "Pareux, Marc"]
[Black "Roche, Marius"]
[Result "0-1"]
[WhiteElo "1540"]
[BlackElo "1700"]
[PlyCount "74"]
[EventDate "2004.01.10"]
[EventType "swiss"]
[EventRounds "9"]
[EventCountry "FRA"]
[SourceTitle "EXT 2008"]
[Source "ChessBase"]
[SourceDate "2007.11.25"]
[SourceVersion "1"]
[SourceVersionDate "2007.11.25"]
[SourceQuality "1"]

1. d4 g6 2. e4 Bg7 3. Nc3 d6 4. Be3 a6 5. a4 b6 6. f3 Bb7 7. Nh3 e6 8. Qd2 c5 9. Ne2 Nc6 10. c3 h5 11. Rd1 Qc7 12. Nc1 Nge7 13. Be2 Rd8 14. Nb3 Bc8 15. Nf2 0-0 16. Qc1 Na7 17. c4 Nac6 18. 0-0 Nb4 19. d5 exd5 20. exd5 Bd7 21. Bg5 Rde8 22. Ne4 Bxa4 23. Nf6+ Bxf6 24. Bxf6 Nf5 25. g4 Ne3 26. gxh5 Qd7 27. Rf2 Qf5 28. Qc3 Nxd1 29. Bxd1 Na2 30. Bc2 Nxc3 31. Bxf5 Ne2+ 32. Kf1 Bxb3 33. Rg2 Nf4 34. Rg4 Bxc4+ 35. Kf2 Re2+ 36. Kg3 Nxh5+ 37. Kh4 Nxf6 0-1

[Event "Loire-ch op"]
[Site "Loire"]
[Date "2002.05.25"]
[Round "7"]
[White "Pareux, Marc"]
[Black "Valentin, Alain"]
[Result "0-1"]
[WhiteElo "1580"]
[BlackElo "1690"]
[PlyCount "46"]
[EventDate "2001.02.??"]
[EventType "swiss"]
[EventRounds "9"]
[EventCountry "FRA"]
[SourceTitle "EXT 2008"]
[Source "ChessBase"]
[SourceDate "2007.11.25"]
[SourceVersion "1"]
[SourceVersionDate "2007.11.25"]
[SourceQuality "1"]

1. d4 Nf6 2. f3 d5 3. e4 dxe4 4. Nc3 exf3 5. Nxf3 e6 6. Bd3 c5 7. 0-0 cxd4 8. Nb5 Nc6 9. Bf4 Nd5 10. Qd2 Bc5 11. Rae1 0-0 12. Kh1 a6 13. Na3 Bb4 14. Qc1 Bxe1 15. Rxe1 f6 16. Nc4 e5 17. Bg3 Nce7 18. Nh4 Be6 19. Qd1 Nb4 20. Bxh7+ Kxh7 21. Qh5+ Kg8 22. Nxe5 fxe5 23. Bxe5 Nf5 0-1